Principles of anatomy and physiology / (رقم التسجيلة. 42645)
[ عرض عادي ]
| 000 -الفاتح | |
|---|---|
| حقل البيانات ثابتة الطول | 01159cam a22003614a 4500 |
| 003 - محدد رقم الضبط | |
| رقم الضبط | OCoLC |
| 005 - وقت وتاريخ اخر تعامل مع التسجيلة | |
| رقم الضبط | 20180904184649.0 |
| 008 - عناصر البيانات ثابتة الطول - معلومات عامة | |
| حقل البيانات ثابتة الطول | 020427s2017 nyua 001 0 eng |
| 020 ## - الرقم الدولى المعيارى للكتب | |
| الرقم الدولى المعيارى للكتاب | 0471415014 (USA : cloth : alk. paper) |
| 020 ## - الرقم الدولى المعيارى للكتب | |
| الرقم الدولى المعيارى للكتاب | 9781119399933 |
| 020 ## - الرقم الدولى المعيارى للكتب | |
| الرقم الدولى المعيارى للكتاب | 9781119382928 |
| 040 ## - مصدر الفهرسة | |
| وكالة الفهرسة الأصلية | DLC |
| وكالة النسخ | DLC |
| وكالة التعديل | YDX |
| -- | UKM |
| -- | SBH |
| -- | NYP |
| -- | OCoLC |
| لغة الفهرسة | eng |
| 042 ## - رمز التحقق | |
| رمز التحقق | pcc |
| 049 ## - المجموعات المحلية (OCLC) | |
| مكتبة المقتنيات | NYPS |
| 050 00 - رقم طلب مكتبة الكونجرس | |
| رقم التصنيف | QP34.5 |
| رقم المادة | .T67 2003 |
| 082 00 - رقم تصنيف ديوى العشرى | |
| رقم التصنيف | 612 |
| رقم الطبعة | 21 |
| رقم المادة | TGP |
| 100 1# - المدخل الرئيسى - إسم شخصى | |
| الإسم الشخصى | Tortora, Gerard J. |
| 9 (RLIN) | 38025 |
| 245 10 - بيان العنوان | |
| العنوان | Principles of anatomy and physiology / |
| بيان المسئوليه,etc | Gerard J. Tortora, Sandra Reynolds Grabowski. |
| 250 ## - بيان الطبعة | |
| بيان الطبعة | 15th ed |
| 260 ## - PUBLICATION, DISTRIBUTION, ETC. (IMPRINT) | |
| مكان الناشر او الموزع | New York : |
| اسم الناشر او الموزع | Wiley, |
| تاريخ النشر أو التوزيع | c2017. |
| 300 ## - الوصف المادى | |
| التعداد | xxxii, 1104, [97] p. : |
| تفاصيل ماديه اخرى للوعاء | ill. (chiefly col.) ; |
| أبعاد الوعاء | 29 cm. + |
| المادة المصاحبة | 2 CD-ROMs (4 3/4 in.) + 1 booklet (vi, 26 p. ; 22 x 28 cm.) |
| 500 ## - تبصرة عامة | |
| تبصرة عامة | Includes index. |
| 650 #0 - المدخل الاضافى بالموضوع-مصطلح موضوعى | |
| مصطلح موضوعي أو اسم جغرافي كعنصر مدخل | Human physiology. |
| 9 (RLIN) | 64840 |
| 650 #0 - المدخل الاضافى بالموضوع-مصطلح موضوعى | |
| مصطلح موضوعي أو اسم جغرافي كعنصر مدخل | Human anatomy. |
| 9 (RLIN) | 64841 |
| 700 1# - المدخل الاضافى - اسم شخصى | |
| الإسم الشخصى | Grabowski, Sandra Reynolds. |
| 9 (RLIN) | 64403 |
| 942 ## - عناصر المدخل الإضافي( كوها) | |
| Koha [default] item type | كتاب |
| 908 00 - ضع فاص الحقل(RLIN) | |
| Put command parameter | QP34.5 |
| 946 ## - معلومات معالجة محلية(OCLC) | |
| a | m |
| حالة الفقد | نموذج السعر الفعال | حالة تلف | ليس للاعارة | رقم الطلب | تاريخ الاكتساب | الموقع الحالي | الباركود | الفرع الرئيسي | Date last seen | نوع المادة فى نظام كوها | مصدر التصنيف او خطة الترفيف | Total Checkouts | Date last checked out |
|---|---|---|---|---|---|---|---|---|---|---|---|---|---|
| 2018-08-19 | 612 TGP | 2018-08-19 | المكتبة المركزية بالمجمعة (CL) | 00657407 | المكتبة المركزية بالمجمعة (CL) | 2018-08-19 | كتاب | Dewey Decimal Classification | |||||
| 2018-08-19 | 612 TGP | 2018-08-19 | المكتبة المركزية بالمجمعة (CL) | 00657408 | المكتبة المركزية بالمجمعة (CL) | 2018-08-19 | كتاب | Dewey Decimal Classification | |||||
| 2018-08-19 | 612 TGP | 2018-08-19 | المكتبة المركزية بالمجمعة (CL) | 00657409 | المكتبة المركزية بالمجمعة (CL) | 2018-08-19 | كتاب | Dewey Decimal Classification | |||||
| 2018-09-04 | 612 TGP | 2018-09-04 | مكتبة كلية العلوم الطبية التطبيقية بالمجمعة - طالبات (AMF) | 00657784 | مكتبة كلية العلوم الطبية التطبيقية بالمجمعة - طالبات (AMF) | 2023-09-12 | كتاب | Dewey Decimal Classification | 2 | 2023-09-11 | |||
| 2018-09-04 | 612 TGP | 2018-09-04 | مكتبة كلية العلوم الطبية التطبيقية بالمجمعة - طالبات (AMF) | 00657783 | مكتبة كلية العلوم الطبية التطبيقية بالمجمعة - طالبات (AMF) | 2023-04-04 | كتاب | Dewey Decimal Classification | 1 | 2023-03-28 |
